00751nam a2200169 a 450000100100000000500170001000800410002704000250006824501030009326000370019630000290023350400420026271001050030471000500040995201050045999900170056400003906320250607073643.0130517s1996 dr a 000 0 spa d aDO-SdBNPbspacBNPHU03aLa situación de salud de República Dominicana 1996 /cOrganización Panamericana de la Salud. aSanto Domingo :bSESPAS ,c1996. a1 v. p. :bil. ;c24 cm. aIncluye notas al pie de las páginas1 aRepública Dominicana. b Secretaria de Estado de Salud Pública y Asistencia Social (2001)9565491 aOrganización Panamericana de la Salud91055 0010718PDaPDbPDcCTd2013-05-17iLF1l0o p39063-10r2020-06-25w2020-06-25yLFPDZNo se presta c38553d38553